000
00236nam a22001097a 4500
082
_a
621.902 PAL
100
_a
PALAY,M
_9
79782
245
_a
METAL-CUTTING TOOL PRODUCTION
260
_a
MOSCOW
_b
MIR
_c
1968
300
_a
531P
942
_c
BK
999
_c
584776
_d
584776